000
00297nam a22001337a 4500
008
170131b xxu||||| |||| 00| 0 alb d
020
_a
9789951437424
041
_a
alb
080
_a
61
100
_a
3
101
_a
SHM
245
_a
BAZAT THEMELORE TE INFERMIERISE
_c
LENJANI, B
942
_2
udc
_c
BK
999
_c
4167
_d
4167